000 00437nam a2200145Ia 4500
008 180921t1892 xxu||||| ||||o00| 0 eng d
041 _aeng
245 _aPapers Laid Before The Legislative Council of Ceylon During The Session of 1891 : Expenditure on Military Establishments.
260 _c1892
300 _a33 cm
500 _aSessional Paper xxvii-1891
942 _cBK
999 _c51552
_d51552
003 LK-CoDNM
040 _aLK-CoDNM
_dLK-CoDNM
_eLK-CoDNM